000 00411nam a2200169Ia 4500
003 OSt
005 20240201112619.0
008 170619s9999 xx 000 0 und d
020 _a9780199584147
040 _cIIMT ENGINEERING COLLEGE
100 _aSargeant- A
245 0 _aMarketing Management for Nonprofit org.
260 _bOxford University
260 _c2009
546 _aENGLISH
942 _2ddc
_c02
999 _c22649
_d22649